[Event "Astana Zhuldyzdary op-A"]
[Site "Astana"]
[Date "2023.07.12"]
[Round "3"]
[White "Kanaev, A."]
[Black "Kvan, Andrey"]
[Result "0-1"]
[WhiteElo "1865"]
[BlackElo "2228"]
[PlyCount "108"]
[EventDate "2023.07.11"]
[EventType "swiss"]
[EventRounds "10"]
[EventCountry "KAZ"]
[SourceTitle "CBM 215 Extra"]
[Source "ChessBase"]
[SourceDate "2023.09.30"]
[SourceVersion "1"]
[SourceVersionDate "2023.09.30"]
[SourceQuality "1"]

1. c4 f5 2. d4 Nf6 3. Nc3 e6 4. g3 d5 5. Bg2 c6 6. Nf3 Bd6 7. 0-0 0-0 8. Qc2 Ne4 9. Nxe4 dxe4 10. Ne5 c5 11. Be3 Qc7 12. f4 b6 13. Rfd1 Bb7 14. dxc5 bxc5 15. Rd2 Nc6 16. Nxc6 Bxc6 17. Rad1 Be7 18. Qc3 Rfc8 19. Qa3 Be8 20. g4 g6 21. Qa6 Qc6 22. Qxc6 Rxc6 23. g5 Rb8 24. Rc2 Rcb6 25. Bc1 Kf7 26. Kf2 a5 27. h4 Ba4 28. b3 Be8 29. h5 gxh5 30. Rh1 Kg8 31. Rd2 a4 32. bxa4 Rb4 33. a3 Rxc4 34. Bb2 Rb3 35. e3 Rd3 36. Rhd1 Rxd2+ 37. Rxd2 Rxa4 38. Bf1 c4 39. Rc2 Bb5 40. Bc1 Kf7 41. Rb2 Bc6 42. Rc2 Bd5 43. Be2 h6 44. Bb2 Kg6 45. gxh6 Kxh6 46. Rc1 h4 47. Rg1 Ra8 48. Bg7+ Kh7 49. Be5 Bxa3 50. Rg7+ Kh6 51. Rc7 Bc1 52. Bd4 h3 53. Kg3 Bxe3 54. Bxe3 Ra3 0-1

[Event "Astana op"]
[Site "Astana"]
[Date "2019.07.15"]
[Round "6"]
[White "Katenov, Aibek"]
[Black "Kanaev, A."]
[Result "1/2-1/2"]
[WhiteElo "2032"]
[BlackElo "2010"]
[PlyCount "38"]
[EventDate "2019.07.09"]
[EventType "swiss"]
[EventRounds "9"]
[EventCountry "KAZ"]
[SourceTitle "EXT 2020"]
[Source "ChessBase"]
[SourceDate "2019.10.17"]
[SourceVersion "1"]
[SourceVersionDate "2019.10.17"]
[SourceQuality "1"]

1. d4 Nf6 2. c4 g6 3. g3 Bg7 4. Bg2 d5 5. Nf3 dxc4 6. Qa4+ Nfd7 7. Nc3 0-0 8. Qxc4 Nb6 9. Qb3 Be6 10. Qd1 Nc6 11. 0-0 Nxd4 12. Nxd4 Qxd4 13. Qxd4 Bxd4 14. Bxb7 Rab8 15. Bc6 Nc4 16. Nb5 Bb6 17. b3 Ne5 18. Be4 f5 19. Bg2 Bd7 1/2-1/2

[Event "KAZ-ch sf"]
[Site "Pavlodar"]
[Date "2016.02.07"]
[Round "2"]
[White "Turar, Dastan"]
[Black "Kanaev, A."]
[Result "0-1"]
[WhiteElo "2247"]
[BlackElo "2061"]
[PlyCount "71"]
[EventDate "2016.02.05"]
[EventType "swiss"]
[EventRounds "9"]
[EventCountry "KAZ"]
[SourceTitle "CBM 171 Extra"]
[Source "ChessBase"]
[SourceDate "2016.04.26"]
[SourceVersion "1"]
[SourceVersionDate "2016.04.26"]
[SourceQuality "1"]

1. d4 Nf6 2. Nf3 d5 3. c4 e6 4. Nc3 Bb4 5. Bg5 h6 6. Bxf6 Qxf6 7. Qa4+ Nc6 8. e3 Bd7 9. Qc2 0-0 10. Be2 dxc4 11. Bxc4 e5 12. 0-0 exd4 13. Nd5 Qd6 14. exd4 Bg4 15. Ne5 Nxd4 16. Qe4 Bf5 17. Qxd4 c6 18. Rad1 cxd5 19. Bxd5 Qb6 20. Qf4 Be6 21. Bxe6 Qxe6 22. Nf3 Bc5 23. b4 Bb6 24. a4 Rac8 25. a5 Rc4 26. Qd2 Bc7 27. Rfe1 Qf6 28. Qd5 Qc6 29. Qxc6 Rxc6 30. Kf1 a6 31. Re7 b6 32. b5 bxa5 33. bxa6 Rc4 34. Rdd7 Bd8 35. Re5 Ra4 36. Ra7 0-1

[Event "Pavlodar op"]
[Site "Pavlodar"]
[Date "2015.12.15"]
[Round "9"]
[White "Davletbayeva, Madina"]
[Black "Kanaev, A."]
[Result "1-0"]
[WhiteElo "2266"]
[BlackElo "2033"]
[PlyCount "39"]
[EventDate "2015.12.07"]
[EventType "swiss"]
[EventRounds "10"]
[EventCountry "KAZ"]
[SourceTitle "EXT 2017"]
[Source "ChessBase"]
[SourceDate "2016.10.25"]
[SourceVersion "1"]
[SourceVersionDate "2016.10.25"]
[SourceQuality "1"]

1. e4 e5 2. Nf3 Nc6 3. Bc4 Nf6 4. Ng5 d5 5. exd5 Na5 6. Bb5+ Bd7 7. Qe2 Be7 8. b4 Bxb4 9. Qxe5+ Be7 10. d6 Bxb5 11. Qxb5+ c6 12. dxe7 Qc7 13. Qe2 Qf4 14. Nf3 Rc8 15. 0-0 Rc7 16. Re1 Nd5 17. Nc3 Nxe7 18. Ba3 Qf6 19. Ne4 Qf4 20. Bd6 1-0

[Event "Pavlodar op"]
[Site "Pavlodar"]
[Date "2015.12.14"]
[Round "8"]
[White "Kanaev, A."]
[Black "Nugumanov, Bakhtiyar"]
[Result "1/2-1/2"]
[WhiteElo "2033"]
[BlackElo "2259"]
[PlyCount "42"]
[EventDate "2015.12.07"]
[EventType "swiss"]
[EventRounds "10"]
[EventCountry "KAZ"]
[SourceTitle "EXT 2017"]
[Source "ChessBase"]
[SourceDate "2016.10.25"]
[SourceVersion "1"]
[SourceVersionDate "2016.10.25"]
[SourceQuality "1"]

1. d4 e6 2. c4 Bb4+ 3. Nc3 d5 4. e3 Nf6 5. Bd3 b6 6. Nge2 Bb7 7. f3 c5 8. a3 Bxc3+ 9. Nxc3 Nc6 10. dxc5 bxc5 11. 0-0 0-0 12. b3 h6 13. Bb2 Rb8 14. Rf2 Qe7 15. Rd2 Rfd8 16. Qe1 Ba8 17. Bc2 Na5 18. Nb5 a6 19. Nd6 Nxb3 20. Bxb3 Rxb3 21. Rad1 Rf8 1/2-1/2

[Event "Pavlodar op"]
[Site "Pavlodar"]
[Date "2015.12.08"]
[Round "3"]
[White "Tokhirjonova, Gulruhbegim"]
[Black "Kanaev, A."]
[Result "1/2-1/2"]
[WhiteElo "2232"]
[BlackElo "2033"]
[PlyCount "61"]
[EventDate "2015.12.07"]
[EventType "swiss"]
[EventRounds "10"]
[EventCountry "KAZ"]
[SourceTitle "EXT 2017"]
[Source "ChessBase"]
[SourceDate "2016.10.25"]
[SourceVersion "1"]
[SourceVersionDate "2016.10.25"]
[SourceQuality "1"]

1. e4 e5 2. Nf3 Nc6 3. Bb5 a6 4. Ba4 Nf6 5. 0-0 b5 6. Bb3 Bb7 7. Ng5 d5 8. exd5 Nd4 9. Re1 Bd6 10. f4 0-0 11. fxe5 Bc5 12. Kh1 Nxb3 13. axb3 Qxd5 14. Qf3 Rfe8 15. Qxd5 Bxd5 16. Nc3 Bc6 17. d3 Ng4 18. h3 Nxe5 19. Bf4 f6 20. Nge4 Bb6 21. Kh2 h6 22. b4 f5 23. Bxe5 fxe4 24. d4 Rad8 25. Ne2 Bb7 26. c3 c5 27. bxc5 Bxc5 28. Nf4 Bd6 29. Ng6 Re6 30. Bxd6 Rxg6 31. Be5 1/2-1/2